Grecia : (Record no. 14514)

MARC details
000 -LEADER
campo de control de longitud fija 00919nam a2200229 i 4500
001 - NÚMERO DE CONTROL
campo de control 14514
003 - IDENTIFICADOR DE NÚMERO DE CONTROL
campo de control ES-MaACL
005 - FECHA Y HORA DE LA ÚLTIMA TRANSACCIÓN
campo de control 20230906150829.0
007 - CAMPO FIJO DE DESCRIPCIÓN FÍSICA--INFORMACIÓN GENERAL
campo de control de longitud fija t|
008 - DATOS DE LONGITUD FIJA--INFORMACIÓN GENERAL
campo de control de longitud fija 960905s1998 sp ||||0| spa
020 ## - NÚMERO INTERNACIONAL ESTÁNDAR DEL LIBRO
Número Internacional Estándar del Libro 84-7785-277-4
080 ## - NÚMERO DE LA CLASIFICACIÓN DECIMAL UNIVERSAL
Número de la Clasificación Decimal Universal 05(460.353 S.)
245 00 - MENCIÓN DEL TÍTULO
Título Grecia :
Resto del título revista de Literatura (1918-1920) /
Mención de responsabilidad, etc. edición de José María Barrera López ; índice onomástico de Mª Cristina Guijarro Hernáiz.
260 ## - PUBLICACIÓN, DISTRIBUCIÓN, ETC.
Lugar de publicación, distribución, etc. Málaga :
Nombre del editor, distribuidor, etc. Centro Cultural de la Generación del 27,
Fecha de publicación, distribución, etc. 1998.
300 ## - DESCRIPCIÓN FÍSICA
Extensión 2 v. ;
Dimensiones 24 cm.
534 ## - NOTA SOBRE LA VERSIÓN ORIGINAL
Frase introductoria Reproducción facsímil de la revista editada en Sevilla (1918-20 marzo 1920) y Madrid (1 jun-1 nov. 1920)
630 04 - PUNTO DE ACCESO ADICIONAL DE MATERIA--TÍTULO UNIFORME
Título uniforme Grecia : revista de literatura-
Subdivisión de forma Facsímiles.
9 (RLIN) 121870
700 1# - ENTRADA AGREGADA--NOMBRE PERSONAL
Nombre de persona Barrera López, José María.
9 (RLIN) 25930
700 1# - ENTRADA AGREGADA--NOMBRE PERSONAL
Nombre de persona Guijarro Hernáiz, Mª Cristina.
9 (RLIN) 60679
710 2# - ENTRADA AGREGADA--NOMBRE DE ENTIDAD CORPORATIVA
Nombre de entidad corporativa o nombre de jurisdicción como elemento de entrada Centro Cultural Generación del 27.
9 (RLIN) 2582
852 4# - LOCALIZACIÓN
Ubicación ES-MaACL
Número de control de estantería L-21806-07
Holdings
Estatus retirado Estado de pérdida Estado de daño No para préstamo Biblioteca de origen Biblioteca actual Ubicación en estantería Fecha de adquisición Fuente de adquisición Total de préstamos Signatura topográfica completa Código de barras Visto por última vez Precio de reemplazo Tipo de ítem Koha
        Biblioteca del Ateneo de Madrid Biblioteca del Ateneo de Madrid Depósito 2 17/01/2008     L-21806-07 1014762 23/02/2023 23/02/2023 Libro impreso